000 00717nam a2200289Ia 4500
005 20260324141833.0
008 008 260324s9999 xx 000 0 eng d
020 _a9780203975558
037 _aEBOOK
040 _aCRL
040 _beng
040 _cCRL
041 _2eng
041 _aeng
084 _qCRL
100 _aSarah Radcliffe; Dr Sallie Westwood; Sallie Westwood
_91209709
245 0 _aRemaking the Nation
245 0 _bIdentity and Politics in Latin America
260 _bTaylor and Francis
260 _c1996
365 _a
365 _b82.99
856 _uhttp://www.taylorfrancis.com/books/9780203975558
942 _cEBOOK
999 _c1813204
_d1813204